AFI's 100 Years...100 Songs - Statistics

General Stats
  • This quiz has been taken 799 times
  • The average score is 31 of 100
Answer Stats
Hint Answer % Correct
Singin' in the Rain Singin' in the Rain
92%
The Wizard of Oz Over the Rainbow
91%
Titanic My Heart Will Go On
84%
The Graduate Mrs. Robinson
81%
Saturday Night Fever Stayin' Alive
75%
Jailhouse Rock Jailhouse Rock
72%
Fame Fame
68%
The Sound of Music The Sound of Music
68%
Pinocchio When You Wish Upon a Star
68%
Breakfast at Tiffany's Moon River
64%
The Bodyguard I Will Always Love You
62%
On the Town New York, New York
62%
New York, New York Theme from New York, New York
62%
Goldfinger Goldfinger
60%
9 to 5 9 to 5
59%
Footloose Footloose
59%
West Side Story Somewhere
59%
Beauty and the Beast Beauty and the Beast
58%
The Way We Were The Way We Were
57%
Casablanca As Time Goes By
53%
Ghost Unchained Melody
53%
Shaft Theme from Shaft
52%
Gentlemen Prefer Blondes Diamonds Are a Girl's Best Friend
50%
Cabaret Cabaret
49%
The Sound of Music Do Re Mi
47%
Flashdance Flashdance...What a Feeling
47%
Dirty Dancing (I've Had) The Time of My Life
45%
Holiday Inn White Christmas
45%
8 Mile Lose Yourself
44%
West Side Story America
42%
Butch Cassidy and the Sundance Kid Raindrops Keep Fallin' on My Head
42%
Beaches Wind Beneath My Wings
40%
The Rose The Rose
38%
M*A*S*H Suicide Is Painless
35%
The Lion King Hakuna Matata
34%
The King & I Shall We Dance
34%
Snow White and the Seven Dwarfs Some Day My Prince Will Come
32%
Risky Business Old Time Rock and Roll
30%
The Muppet Movie Rainbow Connection
30%
Easy Rider Born to Be Wild
29%
Chicago All That Jazz
28%
Grease Summer Nights
28%
Rocky Gonna Fly Now
26%
Singin' in the Rain Good Morning
26%
My Fair Lady I Could Have Danced All Night
26%
Arthur Arthur's Theme (Best That You Can Do)
25%
The Sound of Music My Favorite Things
25%
Porgy and Bess Summertime
25%
West Side Story Tonight
25%
An Officer and a Gentleman Up Where We Belong
25%
Funny Girl Don't Rain On My Parade
23%
Midnight Cowboy Everybody's Talkin'
23%
Meet Me in St. Louis Have Yourself a Merry Little Christmas
23%
High Noon High Noon (Do Not Forsake Me, Oh My Darlin)
23%
The Producers Springtime for Hitler
23%
Stormy Weather Stormy Weather
23%
Hair Aquarius
22%
Young Frankenstein Puttin' on the Ritz
22%
Meet Me in St. Louis The Trolley Song
22%
A Star Is Born Evergreen (Love Theme from A Star Is Born)
21%
The Spy Who Loved Me Nobody Does It Better
21%
Days of Wine and Roses Days of Wine and Roses
20%
Singin' in the Rain Make 'Em Laugh
19%
Guys and Dolls Luck Be a Lady
18%
Show Boat Ol' Man River
18%
42nd Street 42nd Street
17%
The Wizard of Oz Ding Dong the Witch Is Dead
17%
South Pacific Some Enchanted Evening
16%
Mary Poppins Supercalifragilisticexpialidocious
16%
Philadelphia The Streets of Philadelphia
16%
Funny Girl People
15%
The Man Who Knew Too Much Whatever Will Be, Will Be (Que Sera, Sera)
15%
Do the Right Thing Fight the Power
14%
Working Girl Let the River Run
13%
When Harry Met Sally It Had to Be You
12%
The Thomas Crown Affair The Windmills of Your Mind
12%
Moulin Rouge! Come What May
11%
Blackboard Jungle Rock Around the Clock
11%
Gigi Thank Heaven for Little Girls
11%
Song of the South Zip-a-Dee-Do-Dah
11%
Top Hat Cheek to Cheek
9%
Gilda Put the Blame on Mame
9%
Road to Morocco (We're Off on the) Road to Morocco
9%
Nashville I'm Easy
8%
A Star Is Born The Man That Got Away
8%
Summer Stock Get Happy
7%
An American in Paris I Got Rhythm
7%
Going My Way Swinging on a Star
7%
The Paleface Buttons and Bows
6%
The Band Wagon That's Entertainment
6%
Swing Time The Way You Look Tonight
6%
Yankee Doodle Dandy The Yankee Doodle Boy
6%
The Big Chill Ain't Too Proud to Beg
5%
Shall We Dance Let's Call the Whole Thing Off
5%
Bright Eyes On the Good Ship Lollipop
5%
Love Me Tonight Isn't It Romantic?
4%
Cover Girl Long Ago and Far Away
4%
Annie Hall Seems Like Old Times
4%
The Big Broadcast of 1938 Thanks for the Memory
4%
The Sandpiper The Shadow of Your Smile
4%
No matching quizzes found
Score Distribution
Percent of People with Each Score
Percentile by Number Answered
Your Score History
You have not taken this quiz